| 000 | 00500nam a2200193 4500 | ||
|---|---|---|---|
| 003 | SEACOMMC | ||
| 005 | 20250513112849.0 | ||
| 008 | 250404b |||||||| |||| 00| 0 eng d | ||
| 020 |
_a 978-93-80673-34-9 _cRs.160.00 |
||
| 040 | _aSEACOMMC | ||
| 082 |
_a510 _bP 153 |
||
| 100 | _a Pal, B. K | ||
| 245 | 1 |
_aB.C.A. mathematics / _cB. K. Pal [and] K. Das |
|
| 250 | _a 2nd ed | ||
| 260 |
_a Kolkata _b U.N. Dhur and Sons _c 2009 |
||
| 300 | _avolume - III | ||
| 650 | _a Mathematics | ||
| 942 | _cBOOK | ||
| 999 |
_c1177 _d1177 |
||